Státy Indie - Statistics

General Stats
  • This quiz has been taken 11 times
  • The average score is 10 of 36
Answers on the Map
Answers color-coded by a green-red scale on the quiz's map according to % correct below.
 
Answer Stats
Státy % Correct
Rádžasthán
78%
Góa
67%
Bihár
56%
Tamilnádu
56%
Uttarpradéš
56%
Andamany a Nikobary
44%
Dillí
44%
Džammú a Kašmír
44%
Himáčalpradéš
44%
Karnátaka
44%
Maháráštra
44%
Západní Bengálsko
44%
Ándhrapradéš
33%
Kérala
33%
Ladak
33%
Sikkim
33%
Ásám
22%
Gudžarát
22%
Lakadivy
22%
Manípur
22%
Mizóram
22%
Nágáland
22%
Tripura
22%
Arunáčalpradéš
11%
Dádra a Nagar Havélí a Daman a Díu
11%
Džhárkhand
11%
Harijána
11%
Madhjapradéš
11%
Méghálaj
11%
Paňdžáb
11%
Puduččéri
11%
Čandígarh
0%
Čhattísgarh
0%
Telangána
0%
Uríša
0%
Uttarákhand
0%
No matching quizzes found
Score Distribution
Percent of People with Each Score
Percentile by Number Answered
Your Score History
You have not taken this quiz